| 000 | 00468nam a22001697a 4500 | ||
|---|---|---|---|
| 003 | OSt | ||
| 082 |
_a631.3 _bHAR/CO |
||
| 088 | _aP 616 | ||
| 100 |
_aHarsha P _96216 |
||
| 245 | _aCoconut embryo plug scooping tool / | ||
| 260 |
_aTavanur : _bDepartment of Farm Machinery & Power Engineering, _c2024. |
||
| 700 |
_aNithya Robert _96217 |
||
| 700 |
_aFathima Mariyam Saadiya _96218 |
||
| 700 |
_aDilkhush Girir _96219 |
||
| 700 |
_aDhalin, D (Guide) _94302 |
||
| 942 | _cPR | ||
| 999 |
_c18092 _d18092 |
||